Pablo Damiani / (Record no. 1266)

MARC details
000 -LEADER
campo de control de longitud fija 00722nam a22002057a 4500
008 - DATOS DE LONGITUD FIJA--INFORMACIÓN GENERAL
campo de control de longitud fija 170826s2010 uy||||| |||| 00| 0 spa d
020 ## - NÚMERO INTERNACIONAL ESTÁNDAR DEL LIBRO
Número Internacional Estándar del Libro 9789974982839
082 04 - NÚMERO DE LA CLASIFICACIÓN DECIMAL DEWEY
Número de clasificación 708
Número de ítem S226p
100 1# - ENTRADA PRINCIPAL--NOMBRE DE PERSONA
Nombre de persona Sanguinetti, Emma.
9 (RLIN) 5940
245 10 - MENCIÓN DEL TÍTULO
Título Pablo Damiani /
Mención de responsabilidad, etc. Emma Sanguinetti ; traducción por Fernando Álvarez Cozzi ; fotografías por Testoni Studios.
250 ## - MENCION DE EDICION
Mención de edición 1a edición.
260 ## - PUBLICACIÓN, DISTRIBUCIÓN, ETC.
Lugar de publicación, distribución, etc. Montevideo, Uruguay :
Nombre del editor, distribuidor, etc. Gráfica Mosca,
Fecha de publicación, distribución, etc. 2010.
300 ## - DESCRIPCIÓN FÍSICA
Extensión 70 páginas :
Otras características físicas ilustraciones en color.
653 10 - TÉRMINO DE INDIZACIÓN--NO CONTROLADO
Término no controlado Arte contemporáneo
653 10 - TÉRMINO DE INDIZACIÓN--NO CONTROLADO
Término no controlado Catálogo de obras
653 10 - TÉRMINO DE INDIZACIÓN--NO CONTROLADO
Término no controlado Arte - Uruguay
653 10 - TÉRMINO DE INDIZACIÓN--NO CONTROLADO
Término no controlado Escultura
700 1# - ENTRADA AGREGADA--NOMBRE PERSONAL
Nombre de persona Álvarez Cozzi, Fernando.
Término indicativo de función/relación traductor.
9 (RLIN) 5941
710 1# - ENTRADA AGREGADA--NOMBRE DE ENTIDAD CORPORATIVA
Nombre de entidad corporativa o nombre de jurisdicción como elemento de entrada Testoni Studios
Término indicativo de función/relación fotografías.
9 (RLIN) 5942
Holdings
Estatus retirado Estado de pérdida Fuente del sistema de clasificación o colocación Estado de daño No para préstamo Biblioteca de origen Biblioteca actual Ubicación en estantería Fecha de adquisición Total de préstamos Signatura topográfica completa Código de barras Visto por última vez Precio de reemplazo Tipo de ítem Koha
    Clasificación Decimal Dewey     Biblioteca LadoV Biblioteca LadoV   26/08/2017   708 S226p 004457 26/08/2017 26/08/2017 Material 01